GELOT, D., NEYRAT, F. et PELAGE, A. (2005). Pour l’éducation permanente. Propositions pour la formation professionnelle des salariés et des chômeurs. Fondation Copernic, Éditions Syllepse (notice n° 1595034)
[ vue normale ]
| 000 -LEADER | |
|---|---|
| fixed length control field | 01735cam a2200181 4500500 |
| 005 - DATE AND TIME OF LATEST TRANSACTION | |
| control field | 20251228073312.0 |
| 041 ## - LANGUAGE CODE | |
| Language code of text/sound track or separate title | fre |
| 042 ## - AUTHENTICATION CODE | |
| Authentication code | dc |
| 100 10 - MAIN ENTRY--PERSONAL NAME | |
| Personal name | Santelmann, Paul |
| Relator term | author |
| 245 00 - TITLE STATEMENT | |
| Title | GELOT, D., NEYRAT, F. et PELAGE, A. (2005). Pour l’éducation permanente. Propositions pour la formation professionnelle des salariés et des chômeurs. Fondation Copernic, Éditions Syllepse |
| 260 ## - PUBLICATION, DISTRIBUTION, ETC. | |
| Date of publication, distribution, etc. | 2005.<br/> |
| 500 ## - GENERAL NOTE | |
| General note | 100 |
| 520 ## - SUMMARY, ETC. | |
| Summary, etc. | RésuméCette recherche de nature descriptive a permis d’identifier les différents objets de savoirs réellement transmis par les professeurs de judo en club. Les résultats mettent également en évidence le rôle important du « savoir d’expérience » de l’enseignant et de son histoire personnelle de pratiquant de judo dans le choix des savoirs à transmettre. |
| 520 ## - SUMMARY, ETC. | |
| Summary, etc. | Knowledge transmission : The teacher’own storre of knowledgeThis study aims to identify and describe the different knowledge components which are, in fact, transmitted by judo teachers. The results also show the important role played by teacher’s own personal knowlegde, and by their personal history as judokas, in their choice of elements for transmission. |
| 520 ## - SUMMARY, ETC. | |
| Summary, etc. | ResumenEsta investigación de tipo descriptivo ha permitido identificar los diferentes temas de conocimiento realmente transmitidos por los profesores de yudo. Los resultados evidencian también el papel importante del saber experiencial del docente y de su historia personal de practicante de yudo en la elección de los conocimientos a transmitir |
| 786 0# - DATA SOURCE ENTRY | |
| Note | Savoirs | 8 | 2 | 2005-06-01 | p. 127a-129a | 1763-4229 |
| 856 41 - ELECTRONIC LOCATION AND ACCESS | |
| Uniform Resource Identifier | <a href="https://shs.cairn.info/revue-savoirs-2005-2-page-127a?lang=fr&redirect-ssocas=7080">https://shs.cairn.info/revue-savoirs-2005-2-page-127a?lang=fr&redirect-ssocas=7080</a> |
Pas d'exemplaire disponible.




Réseaux sociaux